| 000 | 00482nam a2200145 a 4500 | ||
|---|---|---|---|
| 001 | 000031772 | ||
| 005 | 20200930063152.0 | ||
| 008 | 110701s20uu dr a 000 0 spa d | ||
| 040 |
_aDO-SdBNP _bspa _cBNPHU |
||
| 100 | 1 |
_aD Aza, Carmen Iris _958005 |
|
| 245 | 1 | 0 |
_aNosotras tambien tenemos derechos / _cCarmen Iris D Aza. |
| 260 |
_a[Santo Domingo] : _bMovimiento de Mujeres Unidas, _c[200?] _fImpresos Vargas |
||
| 300 |
_a1v. con varias paginaciones : _bil. ; _c21 cm. |
||
| 049 | _aBNPD | ||
| 999 |
_c31264 _d31264 |
||